<?xml version="1.0" encoding="UTF-8"?>
<record
    xmlns:xsi="http://www.w3.org/2001/XMLSchema-instance"
    xsi:schemaLocation="http://www.loc.gov/MARC21/slim http://www.loc.gov/standards/marcxml/schema/MARC21slim.xsd"
    xmlns="http://www.loc.gov/MARC21/slim">

  <leader>02002nam a2200253 a 4500</leader>
  <controlfield tag="001">000006564</controlfield>
  <controlfield tag="005">20200929153943.0</controlfield>
  <controlfield tag="008">090901s1997    dr a          000 0 spa d</controlfield>
  <datafield tag="040" ind1=" " ind2=" ">
    <subfield code="a">DO-SdBNP</subfield>
    <subfield code="b">spa</subfield>
    <subfield code="c">BNPHU</subfield>
  </datafield>
  <datafield tag="082" ind1=" " ind2=" ">
    <subfield code="a">332.6</subfield>
    <subfield code="b">S471i</subfield>
  </datafield>
  <datafield tag="111" ind1="1" ind2=" ">
    <subfield code="a">Seminario Inversi&#xF3;n en la Rep&#xFA;blica Dominicana</subfield>
    <subfield code="d">(1997 :</subfield>
    <subfield code="c">Santo Domingo)</subfield>
    <subfield code="9">18222</subfield>
  </datafield>
  <datafield tag="245" ind1="1" ind2="0">
    <subfield code="a">Inversi&#xF3;n en la Rep&#xFA;blica Dominicana :</subfield>
    <subfield code="b">facilidad y oportunidad /</subfield>
    <subfield code="c">Presentaci&#xF3;n Jos&#xE9; Tom&#xE1;s P&#xE9;rez.</subfield>
  </datafield>
  <datafield tag="260" ind1=" " ind2=" ">
    <subfield code="a">Santo Domingo :</subfield>
    <subfield code="b">Corporaci&#xF3;n de Fomento Industrial,</subfield>
    <subfield code="c">1997.</subfield>
  </datafield>
  <datafield tag="300" ind1=" " ind2=" ">
    <subfield code="a">149 p. :</subfield>
    <subfield code="b">il. ;</subfield>
    <subfield code="c">22 cm.</subfield>
  </datafield>
  <datafield tag="505" ind1=" " ind2=" ">
    <subfield code="t">Clima y pol&#xED;tica de inversi&#xF3;n foranea en la Rep&#xFA;blica Dominicana : papel del personal diplom&#xE1;tico y consular --</subfield>
    <subfield code="t">Inversi&#xF3;n extranjera en la Rep&#xFA;blica Dominicana --</subfield>
    <subfield code="t">Importancia de la estabilidad para la inversi&#xF3;n extranjera --</subfield>
    <subfield code="t">Regimen jur&#xED;dico de sustentaci&#xF3;n de la inversi&#xF3;n extranjera --</subfield>
    <subfield code="t">Perspectivas del sector el&#xE9;ctrico dominicano de cara al desarrollo industrial del pa&#xED;s --</subfield>
    <subfield code="t">Desarrollo, presente y futuro de las zonas francas industriales --</subfield>
    <subfield code="t">La experiencia en una empresa de zona franca --</subfield>
    <subfield code="t">Inversi&#xF3;n en la Rep&#xFA;blica Dominicana: facilidad y oportunidad --</subfield>
    <subfield code="t">Repercusi&#xF3;n de la paridad textil en el futuro de las zonas francas en la Rep&#xFA;blica Dominicana --</subfield>
    <subfield code="t">Las exportaciones en el actual proceso de desarrollo --</subfield>
    <subfield code="t">Facilidades de las aduanas en el merco del nuevo proceso de desarrollo dominicano --</subfield>
    <subfield code="t">Alcalde y beneficios del convenio de lom&#xE9; IV para la Rep&#xFA;blica Dominicana --</subfield>
    <subfield code="t">Integraci&#xF3;n de la agroindustria al sector zona franca.</subfield>
  </datafield>
  <datafield tag="590" ind1=" " ind2=" ">
    <subfield code="a">Inventariado, 2018/MFF</subfield>
  </datafield>
  <datafield tag="650" ind1=" " ind2="4">
    <subfield code="a">Inversiones extranjeras</subfield>
    <subfield code="z">Rep&#xFA;blica Dominicana</subfield>
    <subfield code="x">Congresos, conferencias, etc.</subfield>
    <subfield code="9">18223</subfield>
  </datafield>
  <datafield tag="650" ind1=" " ind2="4">
    <subfield code="a">Inversiones de capital</subfield>
    <subfield code="v">CONGRESOS,CONFERENCIAS,ETC.</subfield>
    <subfield code="9">18224</subfield>
  </datafield>
  <datafield tag="650" ind1=" " ind2="4">
    <subfield code="a">Pol&#xED;tica de inversiones</subfield>
    <subfield code="9">18225</subfield>
  </datafield>
  <datafield tag="650" ind1=" " ind2="4">
    <subfield code="a">Zonas francas industriales</subfield>
    <subfield code="9">18226</subfield>
  </datafield>
  <datafield tag="651" ind1=" " ind2="4">
    <subfield code="a">Rep&#xFA;blica Dominicana</subfield>
    <subfield code="x">Pol&#xED;tica Econ&#xF3;mica</subfield>
    <subfield code="9">643</subfield>
  </datafield>
  <datafield tag="700" ind1="1" ind2=" ">
    <subfield code="a">Tom&#xE1;s P&#xE9;rez, Jos&#xE9;</subfield>
    <subfield code="9">18227</subfield>
  </datafield>
  <datafield tag="910" ind1=" " ind2=" ">
    <subfield code="a">Validado. Control de calidad MFF</subfield>
  </datafield>
  <datafield tag="952" ind1=" " ind2=" ">
    <subfield code="0">0</subfield>
    <subfield code="1">0</subfield>
    <subfield code="5">4</subfield>
    <subfield code="7">0</subfield>
    <subfield code="8">DS</subfield>
    <subfield code="a">GR</subfield>
    <subfield code="b">GR</subfield>
    <subfield code="c">HD</subfield>
    <subfield code="d">2013-06-10</subfield>
    <subfield code="i">LF1</subfield>
    <subfield code="l">0</subfield>
    <subfield code="o">332.6 S471i</subfield>
    <subfield code="p">6564-60</subfield>
    <subfield code="r">2020-06-25</subfield>
    <subfield code="t">e.3</subfield>
    <subfield code="w">2020-06-25</subfield>
    <subfield code="y">LFDS</subfield>
    <subfield code="Z">Pr&#xE9;stamo en sala</subfield>
  </datafield>
  <datafield tag="952" ind1=" " ind2=" ">
    <subfield code="0">0</subfield>
    <subfield code="1">0</subfield>
    <subfield code="7">1</subfield>
    <subfield code="8">PD</subfield>
    <subfield code="a">PD</subfield>
    <subfield code="b">PD</subfield>
    <subfield code="c">HD</subfield>
    <subfield code="d">2009-09-01</subfield>
    <subfield code="i">LF1</subfield>
    <subfield code="l">0</subfield>
    <subfield code="o">332.6 S471i</subfield>
    <subfield code="p">6564-10</subfield>
    <subfield code="r">2020-06-25</subfield>
    <subfield code="w">2020-06-25</subfield>
    <subfield code="y">LFPD</subfield>
    <subfield code="Z">No se presta</subfield>
  </datafield>
  <datafield tag="952" ind1=" " ind2=" ">
    <subfield code="0">0</subfield>
    <subfield code="1">0</subfield>
    <subfield code="7">1</subfield>
    <subfield code="8">PD</subfield>
    <subfield code="a">PD</subfield>
    <subfield code="b">PD</subfield>
    <subfield code="c">HD</subfield>
    <subfield code="d">2011-05-30</subfield>
    <subfield code="i">LF1</subfield>
    <subfield code="l">0</subfield>
    <subfield code="o">332.6 S471i</subfield>
    <subfield code="p">6564-50</subfield>
    <subfield code="r">2020-06-25</subfield>
    <subfield code="t">e.2</subfield>
    <subfield code="w">2020-06-25</subfield>
    <subfield code="y">LFPD</subfield>
    <subfield code="Z">No se presta</subfield>
  </datafield>
  <datafield tag="999" ind1=" " ind2=" ">
    <subfield code="c">6355</subfield>
    <subfield code="d">6355</subfield>
  </datafield>
</record>
